000 00488cam a2200193ua 4500
001 10657
005 20260515114639.0
008 190325n ii |||gr||||Z||||||eng
020 _a9780198091783
040 _cMAIN
082 _a333.7
100 _aCharles D Kolstad,
_eAuthor.
245 _aIntermediate environmental economics
250 _a2nd ed.
260 _aNew Delhi:
_bOxford university press,
_c2011.
300 _a470p.
653 _aEconomics ofland & energy
942 _cBK
999 _c9618
_d9618